| 000 | 00905nam a2200217 a 4500 | ||
|---|---|---|---|
| 001 | 000033903 | ||
| 005 | 20200930070619.0 | ||
| 008 | 110914s1986 es 000 0 spa d | ||
| 020 | _a8400062442 | ||
| 040 |
_aDO-SdBNP _bspa _cBNPHU |
||
| 100 | 1 |
_aTusell, Javier _d1945-2005 _959345 |
|
| 245 | 1 | 3 |
_aEl dictador y el mediador : _blas relaciones hispanoinglesas durante la dictadura de Primo de Rivera / _cJavier Tusell, Genoveva García Queipo de Llano. |
| 260 |
_aMadrid : _bCentro de Estudios Históricos,Departamento de Historia Contemporánea, _c1986. |
||
| 300 |
_a129 p. ; _c22 cm. |
||
| 490 | 1 |
_aMonografías _v3 |
|
| 500 | _aIncluye referencias bibliográficas y notas al pie de las páginas | ||
| 700 | 1 |
_aGarcía Queipo de Llano, Genoveva _959346 |
|
| 710 | 1 |
_aCentro de Estudios Históricos _bDepartamento de Historia Contemporánea _959347 |
|
| 830 | 0 |
_aMonografías _v3 _915334 |
|
| 049 | _aBNPD | ||
| 999 |
_c33394 _d33394 |
||